| 000 | 00942nac a22002771u 4500 | ||
|---|---|---|---|
| 003 | EG-ScBUE | ||
| 005 | 20211115122645.0 | ||
| 008 | 200219s2002 le f 000 1 eng d | ||
| 020 | _a9953105405 | ||
| 040 |
_aEG-ScBUE _beng _erda _cEG-ScBUE _dEG-ScBUE |
||
| 082 | 0 | 4 |
_a891.733 _bTUR _222 |
| 100 | 1 |
_aTurgenev, Ivan Sergeevich, _d1818-1883, _eauthor. |
|
| 245 | 1 | 0 |
_aFathers and sons = _bالآباء والبنون : with an introduction / _cIvan Sergeyevich Turgenev. |
| 246 | 3 | 5 | _aآباء والبنون |
| 264 | 1 |
_aBeirut : _bYork Press, _c2002. |
|
| 300 |
_a204 pages ; _c20 cm. |
||
| 336 |
_2rdacontent _atext _btxt |
||
| 337 |
_2rdamedia _aunmediated _bn |
||
| 338 |
_2rdacarrier _avolume _bnc |
||
| 490 | 0 | _aYork classics | |
| 650 | 7 |
_aFathers and sons _vFiction. _2BUEsh |
|
| 651 | 7 |
_aRussia _xSocial conditions _y1801-1917 _vFiction. _2BUEsh |
|
| 653 |
_bHHUUEENN _cNovember2021 |
||
| 655 |
_vReading book _934232 |
||
| 942 |
_cBB _2ddc |
||
| 999 |
_c244 _d244 |
||